The Riddle lyrics (Nik Kershaw) - Statistics

General Stats
  • This quiz has been taken 5 times
  • The average score is 229 of 331
Answer Stats
Lyrics % Correct
a
100%
A
100%
an
100%
And
100%
and
100%
by
100%
for
100%
For
100%
ground
100%
hole
100%
I
100%
in
100%
never,
100%
never
100%
river,
100%
the
100%
there‘s
100%
you
100%
around
80%
fight
80%
man
80%
old
80%
on
80%
try
80%
Wise
80%
arms
60%
But
60%
but
60%
from
60%
goes
60%
got
60%
he‘ll
60%
his
60%
is
60%
kind
60%
me
60%
mind
60%
night
60%
of
60%
over
60%
plan
60%
right
60%
strange
60%
strong
60%
to
60%
To
60%
tree
60%
two
60%
Where
60%
wrong
60%
america,
40%
anything,
40%
Babylon
40%
beacon
40%
carry
40%
days
40%
discuss
40%
fashion,
40%
fashion
40%
fold
40%
history
40%
instead
40%
just
40%
know
40%
Near
40%
No,
40%
only
40%
scullery
40%
see
40%
sins
40%
So,
40%
Time
40%
time
40%
us
40%
what
40%
alarms
20%
Aran
20%
Blessings
20%
brave
20%
burning
20%
child
20%
false
20%
fighting
20%
gasoline
20%
gold
20%
keep
20%
light
20%
mine
20%
Nights
20%
not
20%
Pieces
20%
plans
20%
save
20%
Seasons
20%
song
20%
Thanks
20%
Valentine
20%
veil
20%
blackbird
0%
bluebird
0%
calling
0%
corridors
0%
hill
0%
It‘s
0%
kill
0%
looks
0%
mans
0%
Oh
0%
sings
0%
Sly
0%
wild
0%
Without
0%
yours
0%
No matching quizzes found
Score Distribution
Percent of People with Each Score
Percentile by Number Answered
Your Score History
You have not taken this quiz